| 000 | 00615nam a2200205 a 4500 | ||
|---|---|---|---|
| 005 | 20210223120733.0 | ||
| 008 | 991125s1993 mx 000 0 spa u | ||
| 020 | _a9683630421 | ||
| 035 | _aUPN01000006400 | ||
| 049 | _aCG | ||
| 050 | 4 |
_aPQ7297 R89 _bL6.2 |
|
| 100 | 1 | _aLópez Mena, Sergio | |
| 245 | 1 | 4 |
_aLos caminos de la creación en Juan Rulfo / _cSergio López Mena |
| 260 |
_aMéxico : _bUNAM, Coordinación de Humanidades, _c1993. |
||
| 300 | _a137 p. | ||
| 440 | 0 | _aBiblioteca de letras | |
| 600 | 1 | 4 |
_aRULFO, JUAN, _d1918-1986 - _xCRITICA E INTERPRETACION _925392 |
| 904 |
_aAC _b006400 |
||
| 905 | _aLibro | ||
| 999 |
_c6400 _d6400 |
||